| 000 | 00379 a2200109 4500 | ||
|---|---|---|---|
| 001 | ART_38112 | ||
| 005 | 20260410161738.0 | ||
| 008 | 260409a | ||
| 245 | 1 | 0 | _aLa suspensión del cumplimiento del contrato de trabajo y el Código Civil y Comercial de la Nación |
| 100 | 1 | _aEtala, Carlos Alberto | |
| 773 | 0 |
_tDoctrina laboral _g- Nº 359 (jul. 2015) _wREV4049 |
|
| 999 |
_c18515 _d18515 |
||